[Event "25. Torneo de Moratalaz 2012"]
[Site "Madrid ESP"]
[Date "2012.09.15"]
[Round "1.1"]
[White "Molina Garcia, Francisco J"]
[Black "Vazquez Igarza, Renier"]
[Result "0-1"]
[WhiteElo "1846"]
[BlackElo "2566"]
[PlyCount "96"]
[EventDate "2012.09.15"]
[EventType "swiss"]
[EventRounds "9"]
[EventCountry "ESP"]
[Source "lmi"]
[SourceDate "2012.09.15"]

1. e4 e5 2. Nc3 Nf6 3. g3 d5 4. exd5 Nxd5 5. Bg2 Nxc3 6. bxc3 Nc6 7. d3 Bc5 8.
Nf3 O-O 9. O-O Bg4 10. h3 Bh5 11. Qe2 Re8 12. Be3 Bb6 13. Bxb6 axb6 14. Qe3 Ra6
15. Qd2 e4 16. Nh4 exd3 17. cxd3 Re2 18. Qc1 Raxa2 19. Rxa2 Rxa2 20. d4 h6 21.
Qe3 Re2 22. Qd3 Re8 23. Qf5 Be2 24. Re1 Bc4 25. Be4 g6 26. Nxg6 Qg5 27. Nh4
Qxf5 28. Nxf5 h5 29. f3 Kf8 30. Kf2 Na5 31. Ne3 Be6 32. Nd5 Bxd5 33. Bxd5 Ra8
34. Re5 c6 35. Rxh5 Kg7 36. Be4 Nc4 37. g4 Ra2+ 38. Kg3 Ra3 39. g5 Rxc3 40.
Rh7+ Kf8 41. Kf4 Nd6 42. Ke5 Nxe4 43. Kxe4 Kg8 44. Rh6 b5 45. Rd6 b4 46. Rd7 b5
47. Rb7 b3 48. d5 b2 0-1

[Event "25. Torneo de Moratalaz 2012"]
[Site "Madrid ESP"]
[Date "2012.09.15"]
[Round "1.2"]
[White "Hernandez Carmenate, Holden"]
[Black "Perez Cameselle, Francisco"]
[Result "1-0"]
[WhiteElo "2561"]
[BlackElo "1836"]
[PlyCount "103"]
[EventDate "2012.09.15"]
[EventType "swiss"]
[EventRounds "9"]
[EventCountry "ESP"]
[Source "lmi"]
[SourceDate "2012.09.15"]

1. d4 Nf6 2. c4 c5 3. Nf3 g6 4. g3 Bg7 5. Bg2 O-O 6. O-O cxd4 7. Nxd4 d5 8.
cxd5 Nxd5 9. Nc3 Nxc3 10. bxc3 a6 11. Rb1 Qc7 12. Qb3 Nc6 13. Nxc6 bxc6 14. Bf4
e5 15. Be3 Be6 16. Qb6 Qxb6 17. Rxb6 Bd5 18. Rc1 Bxg2 19. Kxg2 Rfc8 20. Rd1 e4
21. c4 Be5 22. Rd7 Rcb8 23. c5 Kf8 24. Bf4 Bxf4 25. gxf4 Rxb6 26. cxb6 Rb8 27.
b7 Kg7 28. Kf1 Kf6 29. Ke1 Ke6 30. Rc7 a5 31. a4 h5 32. Kd2 f5 33. h4 Kd6 34.
Rg7 Kc5 35. Kc3 Kb6 36. Rxg6 Rxb7 37. Rg5 Rd7 38. Rxf5 Rd1 39. Rxh5 Rf1 40. e3
Rxf2 41. Re5 Rh2 42. h5 Rh3 43. Kd4 Rh1 44. f5 Rxh5 45. f6 Rh8 46. f7 Rf8 47.
Rf5 c5+ 48. Kd5 c4 49. Ke6 c3 50. Ke7 Rxf7+ 51. Kxf7 c2 52. Rf1 1-0

[Event "25. Torneo de Moratalaz 2012"]
[Site "Madrid ESP"]
[Date "2012.09.15"]
[Round "1.3"]
[White "Fernandez Garcia, Ignacio"]
[Black "Moreno Ruiz, Javier"]
[Result "0-1"]
[WhiteElo "1832"]
[BlackElo "2492"]
[PlyCount "124"]
[EventDate "2012.09.15"]
[EventType "swiss"]
[EventRounds "9"]
[EventCountry "ESP"]
[Source "lmi"]
[SourceDate "2012.09.15"]

1. e4 c5 2. Nf3 g6 3. Be2 Bg7 4. d3 Nc6 5. c3 e5 6. Nbd2 Nge7 7. Nc4 d5 8. exd5
Nxd5 9. O-O O-O 10. Re1 h6 11. h3 Qc7 12. Ne3 Nf4 13. Bf1 Be6 14. Ng4 g5 15.
Ne3 Rad8 16. Qc2 Qd7 17. Nc4 Ng6 18. Be3 b6 19. Rad1 f5 20. Bc1 Qf7 21. b3 b5
22. Na3 a6 23. Be3 Qe7 24. Nb1 Rc8 25. Qe2 Bf7 26. Bc1 Rfe8 27. Bb2 Qd6 28. Qc2
b4 29. Nbd2 bxc3 30. Bxc3 Nd4 31. Qb2 Bd5 32. Bxd4 cxd4 33. Rc1 Rcd8 34. Qb1
Qf6 35. Rc7 Bf8 36. b4 Qb6 37. Rec1 Bd6 38. R7c2 Qxb4 39. Rb2 Qa4 40. Rb6 Re6
41. Nc4 Qd7 42. Rxa6 Bxf3 43. gxf3 Nf4 44. Qb3 Kg7 45. a4 Be7 46. Rxe6 Qxe6 47.
Re1 Bf6 48. Qb5 Rd5 49. Qb8 g4 50. fxg4 fxg4 51. Qb6 Qd7 52. a5 gxh3 53. f3 Qf5
54. Nd6 h2+ 55. Kh1 Qg6 56. Qc7+ Kg8 57. Qc8+ Kh7 58. Bh3 Nxh3 59. Qxh3 Rxd6
60. f4 exf4 61. Qxh2 Bg7 62. Re4 Rd5 0-1

[Event "25. Torneo de Moratalaz 2012"]
[Site "Madrid ESP"]
[Date "2012.09.15"]
[Round "1.4"]
[White "Arribas Lopez, Angel"]
[Black "Martin Espeja, Jorge J"]
[Result "1-0"]
[WhiteElo "2467"]
[BlackElo "1827"]
[PlyCount "71"]
[EventDate "2012.09.15"]
[EventType "swiss"]
[EventRounds "9"]
[EventCountry "ESP"]
[Source "lmi"]
[SourceDate "2012.09.15"]

1. e4 e5 2. f4 Bc5 3. Nf3 d6 4. Nc3 Bg4 5. Bc4 Nc6 6. Bb5 Nge7 7. f5 a6 8. Ba4
b5 9. Bb3 Bxf3 10. Qxf3 Nd4 11. Qg4 h5 12. Qxg7 Rf8 13. f6 Ng8 14. Rf1 Qd7 15.
Ne2 Ne6 16. Qh7 O-O-O 17. d3 a5 18. a4 b4 19. Qxh5 c6 20. Bxe6 Qxe6 21. Qf5 Kd7
22. h4 Qxf5 23. Rxf5 Ke6 24. Bg5 d5 25. h5 dxe4 26. dxe4 Bd4 27. c3 bxc3 28.
bxc3 Bc5 29. Nf4+ exf4 30. Rxc5 Rc8 31. Rf5 Rcd8 32. Rd1 Rb8 33. Bxf4 Rbd8 34.
Bg5 Rxd1+ 35. Kxd1 Rd8+ 36. Kc2 1-0

[Event "25. Torneo de Moratalaz 2012"]
[Site "Madrid ESP"]
[Date "2012.09.15"]
[Round "1.5"]
[White "Galan Aguado, Fernando"]
[Black "Almagro Llamas, Pablo"]
[Result "0-1"]
[WhiteElo "1820"]
[BlackElo "2455"]
[PlyCount "46"]
[EventDate "2012.09.15"]
[EventType "swiss"]
[EventRounds "9"]
[EventCountry "ESP"]
[Source "lmi"]
[SourceDate "2012.09.15"]

1. d4 Nf6 2. Nf3 e6 3. e3 c5 4. Bd3 Nc6 5. O-O d5 6. b3 Be7 7. Bb2 O-O 8. Nbd2
a6 9. Ne5 Nxe5 10. dxe5 Nd7 11. f4 f5 12. exf6 Bxf6 13. Qh5 g6 14. Bxg6 Qe7 15.
Rf3 Bxb2 16. Raf1 hxg6 17. Rg3 Bg7 18. Rxg6 Rf5 19. Qh3 Nf8 20. Rg3 e5 21. Qh6
Qf6 22. Rxg7+ Qxg7 23. Qd6 exf4 0-1

[Event "25. Torneo de Moratalaz 2012"]
[Site "Madrid ESP"]
[Date "2012.09.16"]
[Round "2.1"]
[White "Vazquez Igarza, Renier"]
[Black "Noval Toldos, Francisco Javier"]
[Result "1-0"]
[WhiteElo "2566"]
[BlackElo "1956"]
[PlyCount "108"]
[EventDate "2012.09.15"]
[EventType "swiss"]
[EventRounds "9"]
[EventCountry "ESP"]
[Source "lmi"]
[SourceDate "2012.09.15"]

1. d4 d5 2. c4 e6 3. Nc3 c6 4. e3 f5 5. f4 Nf6 6. Nf3 Bd6 7. Bd3 O-O 8. O-O Ne4
9. Bd2 Nd7 10. Be1 b6 11. Bh4 Qe8 12. Ne5 Nxc3 13. bxc3 Nxe5 14. fxe5 Be7 15.
Bxe7 Qxe7 16. a4 Bd7 17. Ra2 Rfb8 18. g4 Qg5 19. Rf4 Rf8 20. Rg2 fxg4 21. Rgxg4
Qh6 22. Rh4 Qg5+ 23. Rhg4 Qh6 24. Qe1 Rxf4 25. exf4 Qh3 26. Rg3 Qh6 27. Rg5 Rf8
28. Qg3 Kf7 29. cxd5 cxd5 30. c4 Bc6 31. Qg4 g6 32. h4 Ke7 33. Kh2 dxc4 34.
Bxc4 Rf5 35. Bb3 Qf8 36. Kg3 Be4 37. h5 Qc8 38. Rxf5 Qc3+ 39. Kh4 Bxf5 40. Qg3
Qxg3+ 41. Kxg3 gxh5 42. Kh4 Bg4 43. d5 exd5 44. Bxd5 h6 45. Bc4 Bd1 46. f5 Bxa4
47. Kxh5 b5 48. Bd3 b4 49. Kxh6 Bd7 50. Kg6 a5 51. Bc4 a4 52. f6+ Kf8 53. e6
Bxe6 54. Bxe6 b3 1-0

[Event "25. Torneo de Moratalaz 2012"]
[Site "Madrid ESP"]
[Date "2012.09.16"]
[Round "2.2"]
[White "Moreno Ruiz, Javier"]
[Black "Marcos Herrero, Francisco"]
[Result "1-0"]
[WhiteElo "2492"]
[BlackElo "1937"]
[PlyCount "79"]
[EventDate "2012.09.15"]
[EventType "swiss"]
[EventRounds "9"]
[EventCountry "ESP"]
[Source "lmi"]
[SourceDate "2012.09.15"]

1. e4 c5 2. c3 Nf6 3. e5 Nd5 4. Nf3 e6 5. d4 cxd4 6. cxd4 d6 7. Bc4 Nb6 8. Bb3
Nc6 9. exd6 Bxd6 10. O-O O-O 11. Nc3 Nd5 12. Re1 a6 13. Qd3 Ncb4 14. Qe4 Nxc3
15. bxc3 Nd5 16. c4 Nf6 17. Qh4 b5 18. c5 Be7 19. Ne5 Qc7 20. Bc2 g6 21. Bg5
Nd5 22. Bxe7 Qxe7 23. Qh6 f6 24. Nf3 Bd7 25. Bb3 Qg7 26. Qd2 Rfe8 27. Bxd5 exd5
28. Qa5 Bg4 29. Rxe8+ Rxe8 30. Qxa6 Bxf3 31. Qxb5 Re7 32. gxf3 Qh6 33. Qd3 Qf4
34. a4 g5 35. h3 h5 36. a5 g4 37. fxg4 hxg4 38. a6 g3 39. fxg3 Rg7 40. Kg2 1-0

[Event "25. Torneo de Moratalaz 2012"]
[Site "Madrid ESP"]
[Date "2012.09.16"]
[Round "2.3"]
[White "Tome Vazquez, Oscar"]
[Black "Arribas Lopez, Angel"]
[Result "0-1"]
[WhiteElo "1991"]
[BlackElo "2467"]
[PlyCount "78"]
[EventDate "2012.09.15"]
[EventType "swiss"]
[EventRounds "9"]
[EventCountry "ESP"]
[Source "lmi"]
[SourceDate "2012.09.15"]

1. Nf3 b6 2. c4 Bb7 3. g3 e5 4. d3 g6 5. Bg2 Bg7 6. Nc3 Ne7 7. e4 O-O 8. Bg5 h6
9. Bd2 Na6 10. a3 Nc5 11. Qc2 a5 12. b3 f5 13. O-O fxe4 14. dxe4 Nc6 15. Rae1
Ba6 16. Nb5 a4 17. b4 Nb3 18. Be3 Ncd4 19. Nfxd4 exd4 20. Bf4 Rc8 21. e5 g5 22.
e6 dxe6 23. Be5 d3 24. Qc3 d2 25. Bxg7 dxe1=Q 26. Rxe1 Rf7 27. Bxh6 Bxb5 28.
cxb5 Qd4 29. Qxd4 Nxd4 30. Re3 g4 31. h3 Nf3+ 32. Kf1 Rd8 33. Bxf3 Rxf3 34.
hxg4 Rxe3 35. Bxe3 Rd3 36. Bf4 Rxa3 37. Bxc7 Rb3 38. Ke2 Rxb4 39. Bxb6 a3 0-1

[Event "25. Torneo de Moratalaz 2012"]
[Site "Madrid ESP"]
[Date "2012.09.16"]
[Round "2.4"]
[White "Almagro Llamas, Pablo"]
[Black "Gomez Feria, Jose Maria"]
[Result "1-0"]
[WhiteElo "2455"]
[BlackElo "1930"]
[PlyCount "79"]
[EventDate "2012.09.15"]
[EventType "swiss"]
[EventRounds "9"]
[EventCountry "ESP"]
[Source "lmi"]
[SourceDate "2012.09.15"]

1. e4 c5 2. Nf3 Nc6 3. Bb5 g6 4. O-O Bg7 5. Bxc6 bxc6 6. c3 d6 7. h3 Qc7 8. d4
cxd4 9. cxd4 Nf6 10. Nc3 O-O 11. Be3 a5 12. Qc2 Ba6 13. Rfe1 Rfc8 14. Rac1 Ra7
15. e5 Nd5 16. Nxd5 cxd5 17. Qxc7 Raxc7 18. Rxc7 Rxc7 19. exd6 exd6 20. Bd2 Bb5
21. Bxa5 Ra7 22. b4 Bf6 23. Ra1 Ba4 24. Rc1 Bb5 25. Rc8+ Kg7 26. g4 Be2 27. Kg2
g5 28. Rc6 Rd7 29. Rc7 Bb5 30. Rxd7 Bxd7 31. Bc7 Be7 32. Ng1 f5 33. f3 Bb5 34.
Kf2 Bf6 35. Ne2 fxg4 36. hxg4 Bxe2 37. Kxe2 Bxd4 38. b5 Bc3 39. b6 Ba5 40. Bd8
1-0

[Event "25. Torneo de Moratalaz 2012"]
[Site "Madrid ESP"]
[Date "2012.09.16"]
[Round "2.5"]
[White "Corisco Beltran, Rafael"]
[Black "Roa Alonso, Santiago"]
[Result "0-1"]
[WhiteElo "1979"]
[BlackElo "2426"]
[PlyCount "56"]
[EventDate "2012.09.15"]
[EventType "swiss"]
[EventRounds "9"]
[EventCountry "ESP"]
[Source "lmi"]
[SourceDate "2012.09.15"]

1. e4 e6 2. d4 d5 3. Nc3 Bb4 4. e5 c5 5. a3 Bxc3+ 6. bxc3 Ne7 7. Qg4 O-O 8. Bd3
f5 9. exf6 Rxf6 10. Bg5 Nd7 11. Qh4 h6 12. Bxf6 Nxf6 13. Nf3 c4 14. Be2 Nf5 15.
Qf4 Ne4 16. g4 Nh4 17. Rg1 Bd7 18. Qe3 Be8 19. Nd2 Bg6 20. Nxe4 Bxe4 21. f3
Bxc2 22. Qxe6+ Kh8 23. Kd2 Bg6 24. g5 h5 25. f4 Qc7 26. Rgf1 Re8 27. Qxd5 Rxe2+
28. Kxe2 Bd3+ 0-1

[Event "25. Torneo de Moratalaz 2012"]
[Site "Madrid ESP"]
[Date "2012.09.17"]
[Round "3.1"]
[White "Acuña Celada, Ivan"]
[Black "Vazquez Igarza, Renier"]
[Result "0-1"]
[WhiteElo "2152"]
[BlackElo "2566"]
[PlyCount "60"]
[EventDate "2012.09.15"]
[EventType "swiss"]
[EventRounds "9"]
[EventCountry "ESP"]
[Source "lmi"]
[SourceDate "2012.09.15"]

1. e4 c5 2. Nf3 e6 3. d4 cxd4 4. Nxd4 a6 5. Nc3 Qc7 6. Be3 Nf6 7. Be2 Bb4 8.
O-O Bxc3 9. bxc3 Nxe4 10. Bd3 Nf6 11. Re1 Nc6 12. Nf5 O-O 13. Nxg7 Kxg7 14. Qf3
Ng8 15. Bxh7 Nce7 16. Qh5 d6 17. Bd4+ e5 18. Rxe5 dxe5 19. Bxe5+ Qxe5 20. Qxe5+
Kxh7 21. Rb1 Ng6 22. Qh5+ Kg7 23. Rb6 Re8 24. h4 Re1+ 25. Kh2 Re5 26. g3 Be6
27. f4 Nf6 28. Qg5 Re2+ 29. Kg1 Rd8 30. Rb1 Rd5 0-1

[Event "25. Torneo de Moratalaz 2012"]
[Site "Madrid ESP"]
[Date "2012.09.17"]
[Round "3.2"]
[White "Lopez-Andujar Ocaña, Antonio"]
[Black "Moreno Ruiz, Javier"]
[Result "0-1"]
[WhiteElo "2138"]
[BlackElo "2492"]
[PlyCount "44"]
[EventDate "2012.09.15"]
[EventType "swiss"]
[EventRounds "9"]
[EventCountry "ESP"]
[Source "lmi"]
[SourceDate "2012.09.15"]

1. e4 c5 2. Nc3 e6 3. g3 d5 4. exd5 exd5 5. Bg2 Nf6 6. Nge2 d4 7. Ne4 Nxe4 8.
Bxe4 Nd7 9. d3 Nf6 10. Bg2 Bd6 11. O-O O-O 12. Bg5 h6 13. Bf4 Bg4 14. Bxd6 Qxd6
15. Qd2 Rfe8 16. Rfe1 Qd7 17. Kf1 Bh3 18. Qf4 Nd5 19. Qf3 Nb4 20. Nf4 Bxg2+ 21.
Kxg2 Nxc2 22. Rxe8+ Rxe8 0-1

[Event "25. Torneo de Moratalaz 2012"]
[Site "Madrid ESP"]
[Date "2012.09.17"]
[Round "3.3"]
[White "Arribas Lopez, Angel"]
[Black "Ballesteros Gonzalez, David"]
[Result "1-0"]
[WhiteElo "2467"]
[BlackElo "2227"]
[PlyCount "117"]
[EventDate "2012.09.15"]
[EventType "swiss"]
[EventRounds "9"]
[EventCountry "ESP"]
[Source "lmi"]
[SourceDate "2012.09.15"]

1. Nf3 Nf6 2. d4 g6 3. Bg5 Bg7 4. Nbd2 d5 5. e3 O-O 6. Be2 Nbd7 7. c4 c5 8. O-O
cxd4 9. Nxd4 h6 10. Bh4 Nc5 11. Rc1 Ne6 12. c5 a5 13. Qb3 Bd7 14. N2f3 Nxd4 15.
Nxd4 Bc6 16. Rfd1 Qd7 17. Qc2 Rfc8 18. b3 e5 19. Nxc6 bxc6 20. e4 d4 21. a3
Rcb8 22. Rb1 Ne8 23. Bg3 g5 24. h4 Nc7 25. hxg5 hxg5 26. a4 Qe7 27. Bg4 Na6 28.
Bf5 Qxc5 29. Qe2 Qe7 30. Kh2 Nc5 31. Rh1 Rxb3 32. Rxb3 Nxb3 33. Kg1 Qc5 34. Rh7
Qd6 35. Rh5 d3 36. Qd1 d2 37. Rxg5 Kf8 38. Bg4 Rd8 39. Kh2 Nc5 40. Qf3 Re8 41.
Bh5 Re7 42. Rf5 f6 43. Bh4 Nd7 44. Qe2 c5 45. Bg5 d1=Q 46. Qxd1 Qxd1 47. Bxd1
Re8 48. Bd2 Ra8 49. Be2 Ke7 50. Rf3 Nb6 51. Rb3 Rh8+ 52. Kg1 Nxa4 53. Rb7+ Kf8
54. Bd1 Rh4 55. f3 f5 56. Bxa4 fxe4 57. Bb3 c4 58. Rb8+ Kf7 59. Bxc4+ 1-0

[Event "25. Torneo de Moratalaz 2012"]
[Site "Madrid ESP"]
[Date "2012.09.17"]
[Round "3.4"]
[White "Cabañas Bravo, Juan Andres"]
[Black "Almagro Llamas, Pablo"]
[Result "1/2-1/2"]
[WhiteElo "2070"]
[BlackElo "2455"]
[PlyCount "131"]
[EventDate "2012.09.15"]
[EventType "swiss"]
[EventRounds "9"]
[EventCountry "ESP"]
[Source "lmi"]
[SourceDate "2012.09.15"]

1. e4 c6 2. d4 d5 3. Nc3 dxe4 4. Nxe4 Nd7 5. Bc4 e6 6. Ng5 Nb6 7. Bd3 Be7 8. h4
Nf6 9. N1f3 Nbd7 10. Qe2 O-O 11. Ne5 Nb6 12. Bd2 Qxd4 13. O-O-O Na4 14. c3 Qb6
15. Be3 Bc5 16. Nc4 Qb5 17. Qc2 g6 18. Na3 Bxa3 19. Bxb5 Bxb2+ 20. Kd2 cxb5 21.
Ke1 Bxc3+ 22. Kf1 Bd7 23. h5 Rac8 24. hxg6 hxg6 25. Ne4 Nxe4 26. Qxe4 Rc4 27.
Qf3 Bc6 28. Qh3 Re8 29. Qh7+ Kf8 30. Bh6+ Ke7 31. Bg5+ Bf6 32. Bxf6+ Kxf6 33.
Rh4 Nb6 34. Rdd4 Rxd4 35. Rxd4 e5 36. Qh4+ Ke6 37. Qh3+ Kf6 38. Qh4+ Kg7 39.
Rd8 Rxd8 40. Qxd8 Nc4 41. Qb8 a6 42. Qc7 Kf6 43. f4 exf4 44. Qxf4+ Ke6 45. g4
f6 46. Kf2 Ne5 47. Kg3 g5 48. Qf5+ Ke7 49. Qc8 Nd7 50. Qg8 Ne5 51. Qc8 Bd5 52.
Qc5+ Ke6 53. Qc8+ Ke7 54. Qc5+ Ke6 55. Qc8+ Kf7 56. Qc7+ Kg6 57. Qc2+ Kh6 58.
Qh2+ Kg7 59. Qc2 b4 60. Qc7+ Kg6 61. Qa5 Be6 62. Qxb4 Bxa2 63. Qe4+ Kh6 64.
Qh1+ Kg6 65. Qe4+ Kh6 66. Qh1+ 1/2-1/2

[Event "25. Torneo de Moratalaz 2012"]
[Site "Madrid ESP"]
[Date "2012.09.17"]
[Round "3.5"]
[White "Roa Alonso, Santiago"]
[Black "Cardenas Serrano, Sergio"]
[Result "1-0"]
[WhiteElo "2426"]
[BlackElo "2123"]
[PlyCount "79"]
[EventDate "2012.09.15"]
[EventType "swiss"]
[EventRounds "9"]
[EventCountry "ESP"]
[Source "lmi"]
[SourceDate "2012.09.15"]

1. e4 e6 2. d4 d5 3. Nc3 Bb4 4. e5 c5 5. a3 Bxc3+ 6. bxc3 Qa5 7. Bd2 Qa4 8. Qb1
c4 9. h4 Nc6 10. h5 h6 11. Nf3 Nge7 12. Be2 Bd7 13. Ra2 O-O-O 14. Qc1 Rdf8 15.
Bf4 f6 16. exf6 Rxf6 17. Ne5 Rhf8 18. Nxd7 Kxd7 19. g3 R8f7 20. O-O Nf5 21. Be5
Nd6 22. Bxf6 Rxf6 23. Qe1 Qa5 24. a4 Ne4 25. Ra3 Qc7 26. f4 g5 27. Bf3 Nd6 28.
fxg5 hxg5 29. Ra1 Nf5 30. Bg4 Nce7 31. Qe5 Qxe5 32. dxe5 Rh6 33. Rae1 Nxg3 34.
Rf6 Ngf5 35. Rb1 Kc6 36. Rxh6 Nxh6 37. Bxe6 b6 38. Rf1 Nhg8 39. Bxg8 Nxg8 40.
Rf8 1-0

[Event "25. Torneo de Moratalaz 2012"]
[Site "Madrid ESP"]
[Date "2012.09.18"]
[Round "4.2"]
[White "Moreno Ruiz, Javier"]
[Black "Martin Duque, Jesus"]
[Result "1/2-1/2"]
[WhiteElo "2492"]
[BlackElo "2261"]
[PlyCount "117"]
[EventDate "2012.09.15"]
[EventType "swiss"]
[EventRounds "9"]
[EventCountry "ESP"]
[Source "lmi"]
[SourceDate "2012.09.15"]

1. c4 c6 2. e4 d5 3. exd5 cxd5 4. cxd5 Nf6 5. Nc3 Nxd5 6. Nf3 Nxc3 7. bxc3 g6
8. h4 h5 9. Bc4 Bg7 10. Ng5 O-O 11. Qc2 Bf5 12. Qb3 Qe8 13. Qxb7 Nd7 14. O-O
Qb8 15. Qxb8 Raxb8 16. Ba3 Ne5 17. Bb3 Bf6 18. Rfe1 Rb7 19. d4 Nd3 20. Re3 Rc7
21. Rd1 Rxc3 22. Bxe7 Bxd4 23. Rf3 Rb8 24. Bxf7+ Kg7 25. Ne6+ Kxf7 26. Nxd4
Kxe7 27. Nxf5+ gxf5 28. Rfxd3 Rxd3 29. Rxd3 Rb1+ 30. Kh2 Rb2 31. Rf3 Kf6 32. a3
a5 33. Kg3 a4 34. Re3 f4+ 35. Kxf4 Rxf2+ 36. Kg3 Rb2 37. Rf3+ Ke5 38. Kh2 Rb3
39. Rf8 Rxa3 40. g3 Rd3 41. Ra8 Rd4 42. Ra5+ Ke4 43. Kh3 Rd5 44. Rxa4+ Kf5 45.
Ra6 Rb5 46. Rh6 Ke4 47. Kg2 Rb2+ 48. Kh3 Rb5 49. Rg6 Ra5 50. Rg8 Rb5 51. Rf8
Ra5 52. Rf4+ Ke5 53. Rf8 Ke4 54. Rf7 Ke5 55. Rf4 Rb5 56. Rf3 Rb4 57. Rf2 Ra4
58. Rf7 Ra5 59. Rf8 1/2-1/2

[Event "25. Torneo de Moratalaz 2012"]
[Site "Madrid ESP"]
[Date "2012.09.18"]
[Round "4.3"]
[White "Rudolf, Anna"]
[Black "Roa Alonso, Santiago"]
[Result "0-1"]
[WhiteElo "2306"]
[BlackElo "2426"]
[PlyCount "134"]
[EventDate "2012.09.15"]
[EventType "swiss"]
[EventRounds "9"]
[EventCountry "ESP"]
[Source "lmi"]
[SourceDate "2012.09.15"]

1. e4 d6 2. d4 Nf6 3. Nc3 g6 4. Nf3 Bg7 5. Be2 O-O 6. O-O c6 7. h3 Nbd7 8. Bf4
Qa5 9. Qd2 Re8 10. Rad1 e5 11. dxe5 dxe5 12. Bg5 Qb4 13. Qe3 Qxb2 14. Nd2 Qb6
15. Qf3 h6 16. Nc4 Qc7 17. Bh4 b5 18. Nd6 Re6 19. Nxc8 Rxc8 20. Rd2 Nc5 21. Qe3
Bf8 22. Bf3 b4 23. Ne2 Qb6 24. Bg4 Nxg4 25. hxg4 g5 26. Bg3 Qa6 27. Nc1 Qc4 28.
Re1 Ree8 29. Nb3 Qc3 30. Qxc3 bxc3 31. Rdd1 f6 32. f3 Red8 33. Bf2 Na4 34. Na5
Rd2 35. Rxd2 cxd2 36. Rd1 Nb2 37. Rxd2 Bb4 38. c3 Bxc3 39. Rc2 Bxa5 40. Rxb2
Bc3 41. Rb7 Bd4 42. Kf1 c5 43. Be1 c4 44. Bd2 Rc6 45. a3 Ra6 46. Rc7 Rxa3 47.
Rxc4 a5 48. Rc6 Kf7 49. Ra6 a4 50. Bb4 Ra2 51. Ra8 Rf2+ 52. Ke1 Rb2 53. Bd6 Ra2
54. Bb4 Ke6 55. Ra6+ Kd7 56. Rxf6 a3 57. Ra6 Ra1+ 58. Kd2 a2 59. Kc2 Rb1 60.
Rxa2 Rxb4 61. Ra6 Rb2+ 62. Kd3 Rxg2 63. Rxh6 Rf2 64. Rf6 Ke7 65. Rf5 Ke6 66.
Rxg5 Rxf3+ 67. Kc4 Rc3+ 0-1

[Event "25. Torneo de Moratalaz 2012"]
[Site "Madrid ESP"]
[Date "2012.09.18"]
[Round "4.4"]
[White "Almagro Llamas, Pablo"]
[Black "Quintero Torres, Pedro"]
[Result "1-0"]
[WhiteElo "2455"]
[BlackElo "2053"]
[PlyCount "57"]
[EventDate "2012.09.15"]
[EventType "swiss"]
[EventRounds "9"]
[EventCountry "ESP"]
[Source "lmi"]
[SourceDate "2012.09.15"]

1. e4 c5 2. Nf3 e6 3. b3 Nc6 4. Bb2 d5 5. Bb5 Nf6 6. exd5 a6 7. Bxc6+ bxc6 8.
dxc6 Qc7 9. O-O Qxc6 10. Na3 Be7 11. Nc4 O-O 12. Re1 a5 13. Nfe5 Qc7 14. Re3
Nd5 15. Rg3 f6 16. Qh5 Nf4 17. Qg4 g5 18. Qxf4 fxe5 19. Bxe5 Rxf4 20. Bxc7 Rf5
21. Nb6 Ra7 22. Bb8 Rb7 23. Nxc8 Bf6 24. Nd6 Rxb8 25. Nxf5 Bxa1 26. Rxg5+ Kf8
27. Ne3 Bd4 28. c3 Bxe3 29. fxe3 1-0

[Event "25. Torneo de Moratalaz 2012"]
[Site "Madrid ESP"]
[Date "2012.09.18"]
[Round "4.5"]
[White "Nieto de la Cruz, Julio"]
[Black "Fayos Mestre, Jose Maria"]
[Result "0-1"]
[WhiteElo "2139"]
[BlackElo "1997"]
[PlyCount "130"]
[EventDate "2012.09.15"]
[EventType "swiss"]
[EventRounds "9"]
[EventCountry "ESP"]
[Source "lmi"]
[SourceDate "2012.09.15"]

1. Nf3 Nf6 2. c4 g6 3. b4 Bg7 4. Bb2 O-O 5. g3 d5 6. c5 c6 7. Bg2 a5 8. a3 Na6
9. O-O b6 10. Ne5 bxc5 11. Nxc6 Qc7 12. b5 Bb7 13. Be5 Qd7 14. Nc3 Nc7 15. Na4
Nxb5 16. Nb8 Qf5 17. f4 Nd6 18. e4 Nfxe4 19. g4 Qc8 20. Nb6 Qxb8 21. Nxa8 Qxa8
22. Qc2 c4 23. h4 Qa7+ 24. Kh2 Nf2 25. Bf3 d4 26. Bxb7 Nxg4+ 27. Kh3 Nxe5 28.
fxe5 d3 29. Qa4 Bxe5 30. Rae1 Bf6 31. Bf3 Qd4 32. Qxa5 Qxh4+ 33. Kg2 Nf5 34.
Qc7 e5 35. Qc6 Qg5+ 36. Kh2 Qxd2+ 37. Bg2 Bg5 38. Qxc4 Ne3 39. Qe4 Bf4+ 40. Kh3
Nxf1 41. Rxf1 Qe3+ 42. Bf3 Qxe4 43. Bxe4 Rd8 44. a4 f5 45. Bc6 d2 46. Rd1 Rc8
47. Bb5 Rc3+ 48. Kg2 Ra3 49. Kf2 e4 50. Ke2 Kg7 51. Bc6 Kf6 52. Rb1 Rh3 53. Rf1
Ke5 54. Bd7 Bg5 55. Bb5 f4 56. Kxd2 f3+ 57. Kc2 e3 58. a5 Rh2+ 59. Kb3 e2 60.
Ra1 Be3 61. a6 Ba7 62. Kc3 Bd4+ 63. Kb3 Bxa1 64. a7 e1=Q 65. a8=Q Qc3+ 0-1

[Event "25. Torneo de Moratalaz 2012"]
[Site "Madrid ESP"]
[Date "2012.09.19"]
[Round "5.1"]
[White "Roa Alonso, Santiago"]
[Black "Moreno Ruiz, Javier"]
[Result "0-1"]
[WhiteElo "2426"]
[BlackElo "2492"]
[PlyCount "73"]
[EventDate "2012.09.15"]
[EventType "swiss"]
[EventRounds "9"]
[EventCountry "ESP"]
[Source "lmi"]
[SourceDate "2012.09.15"]

1. e4 c5 2. Nf3 Nc6 3. c3 Nf6 4. e5 Nd5 5. d4 cxd4 6. cxd4 d6 7. Bc4 e6 8. O-O
Be7 9. Qe2 O-O 10. Nc3 dxe5 11. dxe5 Nxc3 12. bxc3 Qa5 13. Rb1 Rd8 14. Bd3 Rb8
15. h4 Bd7 16. Rb5 Qa4 17. Bc2 Qa6 18. Bg5 Be8 19. c4 Bxg5 20. Bxh7+ Kxh7 21.
Nxg5+ Kg8 22. Qh5 Nd4 23. Qh7+ Kf8 24. Qh8+ Ke7 25. Qxg7 Rbc8 26. Qf6+ Kd7 27.
h5 Kc7 28. Rb2 Qxc4 29. h6 Bc6 30. Nxf7 Rg8 31. Ng5 Ne2+ 32. Rxe2 Qxe2 33. h7
Qg4 34. f3 Qxg5 35. hxg8=R Rxg8 36. Qf7+ Kb8 37. Rf2 0-1

[Event "25. Torneo de Moratalaz 2012"]
[Site "Madrid ESP"]
[Date "2012.09.19"]
[Round "5.2"]
[White "Martin Duque, Jesus"]
[Black "Arribas Lopez, Angel"]
[Result "0-1"]
[WhiteElo "2261"]
[BlackElo "2467"]
[PlyCount "64"]
[EventDate "2012.09.15"]
[EventType "swiss"]
[EventRounds "9"]
[EventCountry "ESP"]
[Source "lmi"]
[SourceDate "2012.09.15"]

1. e4 d6 2. d4 g6 3. Nc3 Bg7 4. g3 h5 5. h3 h4 6. g4 e5 7. dxe5 dxe5 8. Qf3 Be6
9. Bb5+ c6 10. Ba4 Na6 11. Be3 Bh6 12. Nge2 Bxe3 13. Qxe3 Qb6 14. Qg5 Qc5 15.
Nd5 Kf8 16. Qxe5 cxd5 17. Qxh8 Qb4+ 18. c3 Qxa4 19. Nd4 Re8 20. O-O dxe4 21.
Qxh4 Qa5 22. Rfe1 Qe5 23. Nxe6+ Rxe6 24. Rad1 Kg7 25. Rd4 g5 26. Qg3 Qxg3+ 27.
fxg3 Nf6 28. h4 Re5 29. b4 Nc7 30. Kg2 Ncd5 31. Kh3 Nxc3 32. hxg5 Rxg5 0-1

[Event "25. Torneo de Moratalaz 2012"]
[Site "Madrid ESP"]
[Date "2012.09.19"]
[Round "5.3"]
[White "Fayos Mestre, Jose Maria"]
[Black "Lopez de Turiso, Jose Angel"]
[Result "1-0"]
[WhiteElo "1997"]
[BlackElo "2046"]
[PlyCount "49"]
[EventDate "2012.09.15"]
[EventType "swiss"]
[EventRounds "9"]
[EventCountry "ESP"]
[Source "lmi"]
[SourceDate "2012.09.15"]

1. d4 f5 2. Nf3 Nf6 3. Bg5 e6 4. Nbd2 d5 5. e3 Be7 6. c4 O-O 7. Bd3 c6 8. O-O
h6 9. Bxf6 Rxf6 10. Ne5 Bd7 11. Rc1 Qf8 12. Qb3 b6 13. cxd5 exd5 14. Ba6 Bc8
15. Bxc8 Qxc8 16. Qxd5+ cxd5 17. Rxc8+ Rf8 18. Ng6 Rxc8 19. Nxe7+ Kf7 20. Nxc8
Ke6 21. Rc1 Kd7 22. Nf3 Nc6 23. Ne5+ Nxe5 24. dxe5 Rxc8 25. e6+ 1-0